Súčasný stav a možnosti vysokorýchlostného žiarového striekania (HVOF) práškov
Saved in:
| Main Author: | |
|---|---|
| Other Authors: | |
| Format: | Manuscript Book |
| Language: | Slovak |
| Published: |
2015
|
| Subjects: | |
| Online Access: | http://is.stuba.sk/zp/portal_zp.pl?podrobnosti=99028 |
| Tags: |
No Tags, Be the first to tag this record!
|
MARC
| LEADER | 00000ntm a22000003a 4500 | ||
|---|---|---|---|
| 001 | stuzp53035 | ||
| 003 | SK-STU | ||
| 005 | 20160719154345.9 | ||
| 007 | ta | ||
| 008 | 150427s2015----xo-----f-mn---000-0-slo-d | ||
| 040 | |a STU |b slo | ||
| 041 | 0 | |a slo | |
| 100 | 1 | |a Kebis, Boris |u 020050 |4 aut |U SjF Strojnícka fakulta |T SjF Ústav technológií a materiálov |X 55013 |U J0050 |Y 803 |7 55013 | |
| 242 | 0 | 1 | |a Current state and possibilities of high velocity oxygen fuel (HVOF) coatings |y eng |
| 245 | 1 | 0 | |a Súčasný stav a možnosti vysokorýchlostného žiarového striekania (HVOF) práškov |
| 260 | |c 2015 | ||
| 650 | 4 | |a technológia HVOF |2 slo | |
| 650 | 4 | |a technológia AC-HVAF |2 slo | |
| 650 | 4 | |a prášok |2 slo | |
| 650 | 4 | |a systém |2 slo | |
| 650 | 4 | |a povlak |2 slo | |
| 650 | 4 | |a HVOF technology |2 eng | |
| 650 | 4 | |a coating |2 eng | |
| 650 | 4 | |a AC-HVAF technology |2 eng | |
| 650 | 4 | |a system |2 eng | |
| 650 | 4 | |a powder |2 eng | |
| 700 | 1 | |a Sejč, Pavol |4 ths |X 2300 |7 A000002300 | |
| 856 | 4 | |u http://is.stuba.sk/zp/portal_zp.pl?podrobnosti=99028 | |
| 996 | |b 284J043826 |c J* 2116/BP |l JJSK |s A |a 24 |w stuzp53035_0001 | ||
| SQL | |a stuzp53035 |b DBP |c SLO |d Súčasný stav a možnosti vysokorýchlostného žiarového striekania (HVOF) práškov |e 55013 |f Kebis, Boris |g 020050 |h 2300 |i Sejč, Pavol |j 20150615 |k 644 |l 02 |m http://is.stuba.sk/zp/portal_zp.pl?podrobnosti=99028 |n B-STAM |o 5.2.51. výrobné technológie | ||